000 00563nam a2200205Ia 4500
005 20250508163547.0
008 008 250505s9999 xx 000 0 eng d
037 _aTextual
040 _aFEDL
_beng
_cFEDL
041 _aeng
_2eng
084 _a370, SCO
_qFEDL
100 _aScott C. Winfield
_9759050
245 0 _aPublic education under criticism
260 _aNew York, USA
_bPrentice-Hall
_c1954
300 _axiv,414p.
650 _aEducation
700 _a Hill Clyde M.
_9775645
942 _cTEXL
_h370, SCO
999 _c1384086
_d1384086